| 000 | 00392cam a2200169ua 4500 | ||
|---|---|---|---|
| 020 | _c8.00 | ||
| 041 |
_ahin _h |
||
| 082 |
_a891.43 _bBAG/BA |
||
| 100 | _aBagavath, . | ||
| 245 |
_aBasha ka ithihas / _cBagavath. _hTextual Documents |
||
| 260 |
_a : _bHithyahas prakash matan , _c1963. |
||
| 300 | _a360 ; . | ||
| 365 | _a8.00 | ||
| 504 | _a | ||
| 942 | _cBK | ||
| 999 |
_c3661 _d3661 |
||